| 000 | 00738cam a2200229 a 4500 | ||
|---|---|---|---|
| 020 | _a0871564998 | ||
| 020 | _a0871564068 (pbk. : acidfree, recycled paper)) | ||
| 040 | _cDLC | ||
| 082 | 0 | 0 | _a155 ROS 1995 C162 Or. |
| 245 | 0 | 0 | _aEcopsychology--restoring the earth, healing the mind / |
| 260 |
_aSan Francisco : _bSierra Club Books, _cc1995. |
||
| 300 |
_axxiii, 338 p. ; _c23 cm. |
||
| 650 | 0 | _aEnvironmental psychology. | |
| 650 | 0 | _aNature | |
| 650 | 0 | _aEnvironmentalism | |
| 700 | 1 | _aRoszak, Theodore, | |
| 700 | 1 | _aGomes, Mary E., | |
| 700 | 1 | _aKanner, Allen D., | |
| 856 | 4 | 2 | _uhttp://www.loc.gov/catdir/bios/ucal053/94031179.html |
| 856 | 4 | 2 | _uhttp://www.loc.gov/catdir/description/ucal043/94031179.html |
| 942 | _cAEDBB | ||
| 999 |
_c19299 _d19299 |
||